| 000 | 01400nam a2200325 i 4500 | ||
|---|---|---|---|
| 001 | 185384 | ||
| 003 | SpMaBN | ||
| 005 | 20241010115403.0 | ||
| 008 | 160527s2013 sp abo |||| |bspa d | ||
| 020 | _a978-84-616-7180-9 | ||
| 080 | _a929 Núñez de Balboa, Vasco | ||
| 080 | _a910.4(7/8)"16" | ||
| 100 | 1 |
_aRoyano Gutiérrez, Lourdes. _9159676 |
|
| 245 | 1 | 0 |
_aVasco Núñez de Balboa / _c[textos, Lourdes Royano Gutiérrez, Sergio Martínez Martínez, Mª Teresa de la Fuente Royano]. |
| 260 |
_aPotes, Cantabria : _bCasa de Cultura de Potes ; _aMéxico : _bFrente de Afirmación Hispanista, _c[2013] |
||
| 300 |
_a44 p. : _bil. col., mapas ; _c29 cm. |
||
| 490 | 1 |
_aColección Museo Cartográfico "Juan de la Cosa" ; _v8 |
|
| 500 | _aApéndice documental. | ||
| 504 | _aReferencias bibliográficas. | ||
| 596 | _aEn cub.: Museo Cartográfico Juan de la Cosa. | ||
| 600 | 1 | 4 |
_aNúñez de Balboa, Vasco, _dca. 1475-1517 _986182 |
| 651 | 7 |
_aAmérica- _xDescubrimientos y exploraciones- _xEspañoles. _9138324 |
|
| 700 | 1 |
_aMartínez Martínez Sergio. _9148654 |
|
| 700 | 1 |
_aFuente Royano, María Teresa de la. _9148656 |
|
| 710 | 2 |
_aMuseo Cartográfico Juan de la Cosa. _9159677 |
|
| 710 | 2 |
_aFrente de Afirmación Hispanista, A.C. _9159234 |
|
| 830 | 0 |
_aColección Museo Cartográfico "Juan de la Cosa" ; _v8 _9192287 |
|
| 852 |
_aES-MaACL _j2330-F-17 |
||
| 999 |
_c185384 _d185384 |
||